Miasta Świata powyżej 10 milionów mieszkańców na mapie - Statystyki

Ogólne statystyki
  • Ten quiz został rozwiązany 46 razy
  • Średni wynik to 10 z 17
Odpowiedzi na mapie
Odpowiedzi zakodowano w zielono-czerwonej skali na mapie do tego quizu, zgodnie z poniższymi procentami.
 
Statystyki odpowiedzi
Państwo Miasto Populacja % Poprawnych
Chiny Pekin 19 mln
100%
Rosja Moskwa 13,3 mln
98%
Turcja Stambuł 15 mln
93%
Indie Delhi 11 mln
84%
Peru Lima 11,1 mln
79%
Chiny Szanghaj 22 mln
77%
Indie Mumbaj 12,4 mln
74%
Indonezja Dżakarta 10,5 mln
67%
Bangladesz Dhaka 10,3 mln
65%
Brazylia Sao Paulo 12 mln
63%
Chiny Wuhan 10,5 mln
58%
Chiny Kanton 16 mln
53%
Pakistan Karaczi 18,8 mln
49%
Chiny Shenzhen 17,4 mln
26%
Pakistan Lahaur 13 mln
21%
Chiny Tiencin 11 mln
19%
Chiny Chengdu 13,5 mln
14%
Nie znaleziono quizów pasujących do podanych kryteriów
Rozkład punktacji
Procent ludzi z każdym wynikiem
Percentyl według liczby udzielonych odpowiedzi
Twoja historia wyników
Nie rozwiązałeś tego quizu